[Event "Prva liga Centralne Srbije"]
[Site "Golubac"]
[Date "2008.09.24"]
[Round "8.1"]
[White "Ilincic, Zlatko"]
[Black "Georgiev, Krum"]
[Result "1/2-1/2"]
[WhiteElo "2519"]
[BlackElo "2446"]
[PlyCount "88"]
[EventDate "2008.09.20"]

1. d4 Nf6 2. c4 g6 3. g3 Bg7 4. Bg2 O-O 5. Nc3 d6 6. Nf3 c6 7. O-O a6 8. e4 Be6
9. d5 Bg4 10. h3 Bxf3 11. Qxf3 Nfd7 12. b3 a5 13. Rb1 Na6 14. Rd1 Nb4 15. a3
Nc2 16. Ne2 a4 17. dxc6 bxc6 18. b4 c5 19. Bb2 Bxb2 20. Rxb2 Ne5 21. Qc3 Nxa3
22. bxc5 Naxc4 23. Rb4 Qa5 24. cxd6 Nxd6 25. Rd5 Qa6 26. Nf4 f6 27. Bf1 Rfc8
28. Bxa6 Rxc3 29. Rxa4 Nxe4 30. Rda5 Nc5 31. Ra1 Rxa6 32. Rxa6 Nxa6 33. Rxa6
Kf7 34. Ra7 Rc1+ 35. Kg2 Rd1 36. h4 Rd2 37. Kf1 g5 38. hxg5 fxg5 39. Ra5 gxf4
40. Rxe5 fxg3 41. fxg3 Kf6 42. Rh5 Kg6 43. Re5 Kf6 44. Rh5 Kg6 1/2-1/2

[Event "Prva liga Centralne Srbije"]
[Site "Golubac"]
[Date "2008.09.24"]
[Round "8.1"]
[White "Misailovic, Nebojsa"]
[Black "Stojanovic, Dalibor"]
[Result "0-1"]
[WhiteElo "2297"]
[BlackElo "2450"]
[PlyCount "84"]
[EventDate "2008.09.20"]

1. e4 c5 2. Nf3 d6 3. d4 cxd4 4. Nxd4 Nf6 5. Nc3 Nc6 6. Bg5 Qb6 7. Bxf6 gxf6 8.
Nb3 e6 9. Qf3 Be7 10. a4 a6 11. a5 Qc7 12. Qe3 Bd7 13. f4 Nb4 14. Qd2 O-O 15.
Be2 b6 16. O-O bxa5 17. Rxa5 Kh8 18. Rh5 Rg8 19. Rf3 Rg7 20. Rfh3 Qb6+ 21. Kf1
f5 22. exf5 Bc6 23. Bf3 Bxf3 24. Rxf3 Rag8 25. Rfh3 Qc6 26. fxe6 fxe6 27. Nd4
Qc4+ 28. Nce2 e5 29. Nf5 Rf7 30. fxe5 Rg6 31. c3 Qg4 32. Neg3 Bg5 33. Qf2 Nd3
34. Qf3 Qc4 35. Qa8+ Rg8 36. Qxg8+ Kxg8 37. Rxg5+ Kf8 38. Ne2 Nc1 39. Re3 Nxe2
40. e6 Ng3+ 41. Ke1 Nxf5 42. e7+ Nxe7 0-1

[Event "Prva liga Centralne Srbije"]
[Site "Golubac"]
[Date "2008.09.24"]
[Round "8.1"]
[White "Milanovic, Danilo"]
[Black "Milenkovic, Mladen"]
[Result "1-0"]
[WhiteElo "2529"]
[BlackElo "2343"]
[PlyCount "111"]
[EventDate "2008.09.20"]

1. d4 Nf6 2. c4 e6 3. Nc3 Bb4 4. e3 b6 5. Bd3 Bb7 6. Nge2 c5 7. O-O O-O 8. d5
Bxc3 9. Nxc3 exd5 10. cxd5 d6 11. e4 Nbd7 12. Bf4 Qe7 13. Re1 Ne5 14. Bf1 h6
15. Bg3 g5 16. b4 Bc8 17. bxc5 bxc5 18. Nb1 Nfd7 19. Nd2 a5 20. Rb1 Ba6 21.
Bxa6 Rxa6 22. Nf1 Ra7 23. Ne3 Qf6 24. Nf5 c4 25. f4 gxf4 26. Bxf4 Nd3 27. Bxh6
Nxe1 28. Qg4+ Kh7 29. Bg5 Nf3+ 30. gxf3 Qxg5 31. Qxg5 Rg8 32. Qxg8+ Kxg8 33.
Nxd6 Rc7 34. Nb5 Rc8 35. Nc3 Ne5 36. Kf2 Kg7 37. f4 Nd3+ 38. Kg3 Rg8 39. e5 Kg6
40. Kg4 f5+ 41. Kf3 Rh8 42. Rb6+ Kg7 43. Kg3 Rg8 44. Ne2 Nb4 45. d6 Kf7+ 46.
Kf3 Rh8 47. Nd4 c3 48. Rb7+ Kg6 49. Kg3 Nxa2 50. Rc7 a4 51. d7 Rd8 52. e6 Kf6
53. Rc8 c2 54. Rxc2 Nb4 55. Rc4 Nd5 56. Rc8 1-0

[Event "Prva liga Centralne Srbije"]
[Site "Golubac"]
[Date "2008.09.24"]
[Round "8.1"]
[White "Marinkovic, Zoran"]
[Black "Pap, Misa"]
[Result "0-1"]
[WhiteElo "2269"]
[BlackElo "2495"]
[PlyCount "96"]
[EventDate "2008.09.20"]

1. Nf3 c5 2. e4 Nc6 3. Bb5 Na5 4. c3 a6 5. Bd3 d5 6. exd5 Qxd5 7. Qe2 Nf6 8.
Na3 Bg4 9. Bc2 e6 10. Ba4+ Nd7 11. Bxd7+ Qxd7 12. Ne5 Bxe2 13. Nxd7 Bh5 14.
Nxf8 Rxf8 15. Nc2 c4 16. Nd4 e5 17. b4 exd4 18. bxa5 O-O-O 19. O-O Rfe8 20. Ba3
Re2 21. Bc5 d3 22. Be3 Rd5 23. h3 Rxa5 24. a4 f6 25. Rfb1 Bf7 26. Rb6 Bd5 27.
Rd6 Bc6 28. Bb6 Rd5 29. Rxd5 Bxd5 30. Ra2 Re1+ 31. Kh2 Rc1 32. Be3 a5 33. Kg3
Rb1 34. h4 Bc6 35. f3 Kd7 36. Bc5 b6 37. Bf8 g6 38. Bg7 Rc1 39. Bh6 Kc7 40.
Bf4+ Kb7 41. Be3 Ka6 42. Ra3 Re1 43. Ra2 Bxa4 44. Rxa4 b5 45. Ra2 Rxe3 46. dxe3
b4 47. Kf2 b3 48. Ra1 Kb5 0-1

[Event "Prva liga Centralne Srbije"]
[Site "Golubac"]
[Date "2008.09.24"]
[Round "8.1"]
[White "Nikolic, Zivoslav"]
[Black "Stankovic, Milos"]
[Result "1/2-1/2"]
[WhiteElo "2413"]
[BlackElo "2155"]
[PlyCount "25"]
[EventDate "2008.09.20"]

1. d4 Nf6 2. Nc3 d5 3. Bg5 g6 4. Bxf6 exf6 5. e3 c6 6. Bd3 f5 7. Nce2 Nd7 8. c4
Nf6 9. Nc3 Be6 10. c5 Bh6 11. Nge2 Ne4 12. g3 O-O 13. h4 1/2-1/2

[Event "Prva liga Centralne Srbije"]
[Site "Golubac"]
[Date "2008.09.24"]
[Round "8.2"]
[White "Kojovic, Dragan"]
[Black "Misojcic, Miroslav"]
[Result "1-0"]
[WhiteElo "2414"]
[BlackElo "2221"]
[PlyCount "75"]
[EventDate "2008.09.20"]

1. e4 c5 2. Nc3 Nc6 3. f4 g6 4. Nf3 Bg7 5. Bb5 b6 6. Bxc6 dxc6 7. Qe2 Nf6 8. d3
O-O 9. Bd2 a5 10. O-O Ne8 11. Qf2 Nc7 12. Qh4 e6 13. Qh3 f5 14. e5 Qe7 15. Kh1
Ba6 16. b3 Nd5 17. Ne2 Nb4 18. Ne1 Rfd8 19. c4 Bb7 20. a3 Na6 21. Qg3 Rd7 22.
Rf3 Kf7 23. Rd1 Nc7 24. Nc3 Rb8 25. Na4 Bc8 26. Qf2 Na6 27. Be3 Bf8 28. Rh3 Kg8
29. Qc2 Rd8 30. Bf2 Qe8 31. Rc1 Bd7 32. Bh4 Be7 33. Nf3 b5 34. Nb2 a4 35. bxa4
b4 36. axb4 Nxb4 37. Qf2 Kg7 38. Bf6+ 1-0

[Event "Prva liga Centralne Srbije"]
[Site "Golubac"]
[Date "2008.09.24"]
[Round "8.2"]
[White "Pantelic, Sasa"]
[Black "Solomunovic, Igor"]
[Result "0-1"]
[WhiteElo "2267"]
[BlackElo "2397"]
[PlyCount "88"]
[EventDate "2008.09.20"]

1. d4 Nf6 2. c4 g6 3. g3 Bg7 4. Bg2 c5 5. Nf3 Qa5+ 6. Bd2 Qb6 7. dxc5 Qxc5 8.
Nc3 Qxc4 9. Rc1 O-O 10. O-O Nc6 11. a4 Qa6 12. Nb5 Qb6 13. Be3 Qa5 14. Nfd4 a6
15. b4 Qd8 16. Nxc6 bxc6 17. Na3 Rb8 18. Qd2 Nd5 19. Bxd5 cxd5 20. a5 d6 21.
Bb6 Rxb6 22. axb6 Qxb6 23. Rb1 Bb7 24. Rfc1 Bd4 25. e3 Bf6 26. b5 Ba8 27. bxa6
Qxa6 28. Nb5 d4 29. Nxd4 Be4 30. Ra1 Qb7 31. Ra4 Bh1 32. f4 Bd5 33. Rb4 Qd7 34.
Qd3 Ba8 35. Rbc4 h5 36. Nc6 h4 37. e4 hxg3 38. Qxg3 d5 39. exd5 Qxd5 40. Qg2
Qh5 41. Rc5 Qh6 42. Rg5 Bxc6 43. Rxc6 Rb8 44. Rxf6 Rb1+ 0-1

[Event "Prva liga Centralne Srbije"]
[Site "Golubac"]
[Date "2008.09.24"]
[Round "8.2"]
[White "Colovic, Dusan"]
[Black "Urosevic, Zoran"]
[Result "1/2-1/2"]
[WhiteElo "2376"]
[BlackElo "2294"]
[PlyCount "78"]
[EventDate "2008.09.20"]

1. d4 Nf6 2. Nc3 d5 3. Bf4 Bf5 4. f3 c6 5. e3 e6 6. g4 Bg6 7. h4 h6 8. Bd3 Bxd3
9. Qxd3 Bd6 10. Nge2 Bxf4 11. Nxf4 Qd6 12. O-O-O Nfd7 13. g5 h5 14. g6 f6 15.
Qd2 Na6 16. e4 O-O-O 17. exd5 exd5 18. Rde1 Nf8 19. Nce2 Ne6 20. Nxe6 Qxe6 21.
Ng3 Qd7 22. Qf4 Nc7 23. Nf5 Ne6 24. Qg3 Rhe8 25. Re2 Nc7 26. Rxe8 Nxe8 27. Qf4
Nc7 28. Re1 Ne6 29. Qg3 b5 30. b3 Kb7 31. Kb2 Kb6 32. a3 a5 33. Rxe6 Qxe6 34.
Nxg7 Qe3 35. Nf5 Qe6 36. Qf4 Rg8 37. g7 Qd7 38. Ka2 Qe6 39. Kb2 Qd7 1/2-1/2

[Event "Prva liga Centralne Srbije"]
[Site "Golubac"]
[Date "2008.09.24"]
[Round "8.2"]
[White "Misic, Dragan"]
[Black "Rabrenovic, Vladan"]
[Result "1/2-1/2"]
[WhiteElo "2204"]
[BlackElo "2357"]
[PlyCount "120"]
[EventDate "2008.09.20"]

1. d4 Nf6 2. Nf3 g6 3. g3 Bg7 4. Bg2 O-O 5. c4 d5 6. cxd5 Nxd5 7. O-O Nb6 8. h3
Nc6 9. e3 e5 10. dxe5 Nxe5 11. Nxe5 Bxe5 12. Qc2 c6 13. e4 Bg7 14. Be3 Be6 15.
Nd2 Qd7 16. Kh2 Rfd8 17. Rac1 Qd3 18. b3 Qxc2 19. Rxc2 Bd4 20. Bf4 Bg7 21. h4
Rd7 22. Nf3 h6 23. Be3 Kh7 24. Nd2 Bd4 25. Bxd4 Rxd4 26. Nf3 Rdd8 27. Ne5 f6
28. Nf3 a5 29. Bh3 Bxh3 30. Kxh3 Rd3 31. Kg2 a4 32. b4 Nd7 33. Re1 Re8 34. Ree2
h5 35. Red2 Rxd2 36. Rxd2 Nb6 37. Rd4 Kg7 38. Ne1 f5 39. f3 fxe4 40. fxe4 Re7
41. Nd3 Nd7 42. a3 Kf8 43. Kf3 Rf7+ 44. Ke3 Ke8 45. Ke2 b6 46. Nf4 Rf6 47. e5
Rf5 48. Nxg6 c5 49. bxc5 bxc5 50. Rxa4 Kf7 51. Ra6 Nxe5 52. Nxe5+ Rxe5+ 53. Kf3
c4 54. Rc6 Ra5 55. Rxc4 Rxa3+ 56. Kf4 Ra5 57. Rc6 Kg7 58. Re6 Ra4+ 59. Re4 Ra8
60. Re5 Ra4+ 1/2-1/2

[Event "Prva liga Centralne Srbije"]
[Site "Golubac"]
[Date "2008.09.24"]
[Round "8.2"]
[White "Irizanin, Radoje"]
[Black "Lazic, Zeljko"]
[Result "0-1"]
[WhiteElo "2339"]
[BlackElo "2207"]
[PlyCount "118"]
[EventDate "2008.09.20"]

1. e4 g6 2. d4 Bg7 3. Nc3 d6 4. Nf3 Nf6 5. h3 O-O 6. Bc4 c5 7. O-O cxd4 8. Nxd4
Nxe4 9. Nxe4 d5 10. Nb5 a6 11. Qxd5 Qxd5 12. Bxd5 axb5 13. c3 Rd8 14. Bb3 Bf5
15. Re1 b4 16. cxb4 Nc6 17. Bg5 h6 18. Bh4 g5 19. Bg3 Bxb2 20. Rab1 Bg7 21. f3
Nd4 22. Bc4 Nc2 23. Rf1 Ne3 24. Bb3 Nxf1 25. Kxf1 Bxe4 26. fxe4 e6 27. Bf2 Bd4
28. Be1 b5 29. Ke2 Rac8 30. Rd1 Bb6 31. Rxd8+ Rxd8 32. Bc3 Bd4 33. Bd2 Kg7 34.
a4 bxa4 35. Bxa4 Kf6 36. Bc6 Ke5 37. b5 h5 38. Ba5 Rc8 39. Kd3 Bg1 40. Bc3+ Kf4
41. e5 g4 42. hxg4 hxg4 43. Kc4 Rd8 44. Ba5 Rd4+ 45. Kb3 Rd1 46. Bc7 Rc1 47.
Kb2 Rc5 48. Bd6 Bd4+ 49. Kb3 Rc1 50. Be8 Bxe5 51. Bf8 Rb1+ 52. Kc4 f5 53. Bf7
Kg3 54. Bxe6 f4 55. Bf5 Rb2 56. Be4 Rxg2 57. Bxg2 Kxg2 58. Kd5 f3 59. Bc5 Bb8
0-1

[Event "Prva liga Centralne Srbije"]
[Site "Golubac"]
[Date "2008.09.24"]
[Round "8.2"]
[White "Tomic, Miroslav Lj"]
[Black "Mirkovic, Stevan"]
[Result "1/2-1/2"]
[WhiteElo "2192"]
[BlackElo "2211"]
[PlyCount "64"]
[EventDate "2008.09.20"]

1. d4 d5 2. Nf3 Nf6 3. c4 c6 4. Nc3 dxc4 5. a4 Bg4 6. Ne5 Bh5 7. Nxc4 e6 8. Bg5
Bb4 9. a5 Qd5 10. Qb3 Bxc3+ 11. bxc3 Qxg5 12. Qxb7 O-O 13. Qxa8 Ne4 14. Qxa7
Qb5 15. e3 Qb3 16. Rc1 Qa2 17. f3 Qf2+ 18. Kd1 Bxf3+ 19. gxf3 Qxf3+ 20. Be2
Qxh1+ 21. Kc2 Qxh2 22. Kd3 Ng3 23. Rc2 Qf2 24. Rb2 Qf5+ 25. Kd2 Nxe2 26. Kxe2
Qd5 27. Rxb8 Qxc4+ 28. Kd2 Qa2+ 29. Kd3 Qa1 30. Rxf8+ Kxf8 31. Qc5+ Kg8 32.
Qxc6 g6 1/2-1/2

[Event "Prva liga Centralne Srbije"]
[Site "Golubac"]
[Date "2008.09.24"]
[Round "8.3"]
[White "Ristic, Nenad"]
[Black "Mitrovic, Petar"]
[Result "0-1"]
[WhiteElo "2421"]
[BlackElo "2366"]
[PlyCount "86"]
[EventDate "2008.09.20"]

1. e4 e6 2. d4 d5 3. Nc3 Bb4 4. e5 b6 5. Qg4 Bf8 6. Nf3 Ne7 7. Bg5 Ba6 8. Bxa6
Nxa6 9. O-O h6 10. Bxe7 Qxe7 11. a4 Nb4 12. a5 Qd7 13. axb6 cxb6 14. Na4 Rc8
15. c3 Nc6 16. Rfd1 Na5 17. Nd2 g6 18. Nc5 bxc5 19. Rxa5 c4 20. Rda1 Rc7 21.
Qd1 Be7 22. Qa4 Qxa4 23. R5xa4 O-O 24. Rxa7 Rxa7 25. Rxa7 Bg5 26. Nf3 Bc1 27.
Rb7 Ra8 28. Kf1 Ra2 29. b4 Bb2 30. b5 Bxc3 31. g4 Rb2 32. Rb8+ Kg7 33. Rb7 Ba5
34. Rb8 c3 35. Kg2 Rb4 36. Rc8 Rxb5 37. Ne1 Rb2 38. Nd3 Rd2 39. Nc5 Rxd4 40.
Nd7 Rxg4+ 41. Kf3 Rc4 42. Ra8 Bc7 43. Nf6 Bxe5 0-1

[Event "Prva liga Centralne Srbije"]
[Site "Golubac"]
[Date "2008.09.24"]
[Round "8.3"]
[White "Nikolic, Stanimir"]
[Black "Ristic, Nebojsa M"]
[Result "0-1"]
[WhiteElo "2291"]
[BlackElo "2366"]
[PlyCount "97"]
[EventDate "2008.09.20"]

1. d4 Nf6 2. c4 c5 3. d5 b5 4. cxb5 a6 5. bxa6 d6 6. Nc3 g6 7. g3 Bg7 8. Bg2
O-O 9. Nf3 Bf5 10. Nh4 Bc8 11. O-O Bxa6 12. Bg5 Nbd7 13. Qc1 Qb6 14. Rb1 Rfb8
15. Bh6 Bh8 16. Nf5 Qd8 17. h3 Nb6 18. Qe3 Ra7 19. b3 Bc8 20. g4 Bxf5 21. gxf5
Nbd7 22. fxg6 hxg6 23. Kh1 Qa5 24. Rbc1 Nf8 25. f4 Bg7 26. f5 Rb4 27. Bxg7 Kxg7
28. Rf4 Rxf4 29. Qxf4 Rb7 30. Qe3 gxf5 31. Qg5+ Ng6 32. Qxf5 Rb4 33. e4 c4 34.
Rg1 cxb3 35. axb3 Rxb3 36. Nd1 Qd2 37. Bf3 Kh6 38. Bg2 Nf4 39. Bf1 N4h5 40. Qc8
Ng3+ 41. Rxg3 Rxg3 42. Qh8+ Nh7 43. Qa1 Nf6 44. e5 Ne4 45. exd6 Rg7 46. Qa4
Ng3+ 47. Kg1 Nf5+ 48. Kh1 Qe3 49. Kh2 0-1

[Event "Prva liga Centralne Srbije"]
[Site "Golubac"]
[Date "2008.09.24"]
[Round "8.3"]
[White "Djokic, Nenad"]
[Black "Milunovic, Toni"]
[Result "1-0"]
[WhiteElo "2336"]
[BlackElo "2318"]
[PlyCount "72"]
[EventDate "2008.09.20"]

1. d4 Nf6 2. Nf3 d5 3. c4 c6 4. Nc3 Qb6 5. Qc2 Bg4 6. c5 Qc7 7. Ne5 Be6 8. Bf4
Qc8 9. Qb3 Nbd7 10. Nxd7 Nxd7 11. e3 Bf5 12. Be2 e5 13. Bg3 Be7 14. O-O O-O 15.
Rac1 exd4 16. exd4 Bg5 17. Rcd1 Re8 18. h4 Bf6 19. Bd3 Bxd3 20. Rxd3 b6 21.
cxb6 axb6 22. h5 Qa6 23. Qc2 Re6 24. a4 Rae8 25. Rdd1 h6 26. b3 Nf8 27. Na2 Qb7
28. Nb4 Nh7 29. Kh2 Be7 30. Nd3 Bg5 31. Be5 f6 32. Bg3 Qf7 33. Kg1 Qxh5 34.
Rfe1 f5 35. Be5 Qf7 36. b4 f4 {necitko} 1-0

[Event "Prva liga Centralne Srbije"]
[Site "Golubac"]
[Date "2008.09.24"]
[Round "8.3"]
[White "Tosic, Nebojsa"]
[Black "Stankovic, Dragan P"]
[Result "1/2-1/2"]
[WhiteElo "2210"]
[BlackElo "2344"]
[PlyCount "21"]
[EventDate "2008.09.20"]

1. e4 c5 2. Nf3 e6 3. d4 cxd4 4. Nxd4 Nf6 5. Nc3 Nc6 6. Nxc6 bxc6 7. e5 Nd5 8.
Ne4 Qa5+ 9. Bd2 Nb4 10. f4 Qd5 11. Nf2 1/2-1/2

[Event "Prva liga Centralne Srbije"]
[Site "Golubac"]
[Date "2008.09.24"]
[Round "8.3"]
[White "Djoric, Dusan"]
[Black "Rajkovic, Aleksandar"]
[Result "1-0"]
[WhiteElo "2305"]
[BlackElo "2139"]
[PlyCount "119"]
[EventDate "2008.09.20"]

1. e4 d5 2. Nc3 dxe4 3. Nxe4 Nf6 4. Nxf6+ exf6 5. d4 Bd6 6. Bd3 O-O 7. Be3 c6
8. Qh5 g6 9. Qf3 Be6 10. Ne2 Re8 11. Nf4 Bf5 12. O-O-O Bxd3 13. Nxd3 Na6 14. h4
Nb4 15. Nxb4 Bxb4 16. h5 Qd5 17. Qh3 Re7 18. Kb1 a5 19. Qg4 g5 20. h6 a4 21.
Rh5 Re6 22. Qf3 Rd8 23. Qxd5 Rxd5 24. c3 Be7 25. Kc2 b5 26. b3 axb3+ 27. axb3
Kf8 28. Ra1 Ke8 29. Ra8+ Rd8 30. Rxd8+ Kxd8 31. Kd3 Kd7 32. g4 Rd6 33. Kc2 Re6
34. Rh1 Re4 35. Rg1 Bf8 36. Kd3 Re8 37. Ra1 Bxh6 38. Rh1 Bf8 39. Rxh7 Ke6 40.
Rh8 Rd8 41. Ke4 Be7 42. Rxd8 Bxd8 43. c4 bxc4 44. bxc4 f5+ 45. gxf5+ Kd7 46.
Kf3 f6 47. Kg4 Bc7 48. Kf3 Ke7 49. Ke4 Bh2 50. d5 cxd5+ 51. Kxd5 g4 52. Ke4 g3
53. fxg3 Bxg3 54. Bf4 Bf2 55. Kd5 Kd7 56. Bd6 Be3 57. c5 Bd2 58. c6+ Kc8 59.
Be7 Kc7 60. Bxf6 1-0

[Event "Prva liga Centralne Srbije"]
[Site "Golubac"]
[Date "2008.09.24"]
[Round "8.4"]
[White "Petkov, Vladimir"]
[Black "Spasov, Vasil"]
[Result "1/2-1/2"]
[WhiteElo "2423"]
[BlackElo "2589"]
[PlyCount "23"]
[EventDate "2008.09.20"]

1. d4 Nf6 2. Nf3 g6 3. Bg5 Bg7 4. Nbd2 O-O 5. c3 d6 6. e4 c5 7. d5 e6 8. dxe6
Bxe6 9. Be2 Nc6 10. O-O h6 11. Bh4 Re8 12. Re1 1/2-1/2

[Event "Prva liga Centralne Srbije"]
[Site "Golubac"]
[Date "2008.09.24"]
[Round "8.4"]
[White "Vojinovic, Goran"]
[Black "Manic, Jovica"]
[Result "1-0"]
[WhiteElo "2468"]
[BlackElo "2263"]
[PlyCount "51"]
[EventDate "2008.09.20"]

1. Nf3 Nf6 2. g3 b5 3. Bg2 Bb7 4. O-O e6 5. d3 c5 6. c4 a6 7. Nc3 b4 8. Na4 d6
9. d4 Nbd7 10. dxc5 Nxc5 11. Nxc5 dxc5 12. Ne5 Qxd1 13. Rxd1 Bxg2 14. Kxg2 Be7
15. Be3 Rc8 16. a3 b3 17. Rd3 Ne4 18. Rxb3 O-O 19. Rb6 a5 20. f3 Nd6 21. Nc6
Bf6 22. Rc1 Nb7 23. Rc2 Rfe8 24. Rxb7 Rxc6 25. Rb5 a4 26. Bxc5 1-0

[Event "Prva liga Centralne Srbije"]
[Site "Golubac"]
[Date "2008.09.24"]
[Round "8.4"]
[White "Todorovic, Bojan"]
[Black "Milosevic, Aleksandar"]
[Result "1-0"]
[WhiteElo "2277"]
[BlackElo "2304"]
[PlyCount "69"]
[EventDate "2008.09.20"]

1. e4 c6 2. d4 d5 3. e5 Bf5 4. Nf3 e6 5. Be2 Ne7 6. O-O Nd7 7. Nbd2 h6 8. c3
Bh7 9. Ne1 c5 10. Ndf3 Nc6 11. Nd3 Be4 12. Be3 Be7 13. Nxc5 Nxc5 14. dxc5 Bxf3
15. Bxf3 Nxe5 16. Be2 O-O 17. b4 Bf6 18. Qb3 Ng6 19. Rad1 Be5 20. f4 Bc7 21. c4
Qe7 22. g3 Rad8 23. cxd5 exd5 24. Bf3 Rfe8 25. Bf2 b6 26. Rxd5 bxc5 27. Rxd8
Rxd8 28. bxc5 Rb8 29. Qd5 Qf6 30. Qc6 Qxc6 31. Bxc6 Ne7 32. Ba4 Rb4 33. Bb3 a5
34. Rc1 a4 35. Rc4 1-0

[Event "Prva liga Centralne Srbije"]
[Site "Golubac"]
[Date "2008.09.24"]
[Round "8.4"]
[White "Jevtic, Sasa"]
[Black "Trickovic, Borivoje"]
[Result "1-0"]
[WhiteElo "2206"]
[BlackElo "2266"]
[PlyCount "79"]
[EventDate "2008.09.20"]

1. d4 b6 2. Nf3 Bb7 3. e3 e6 4. Bd3 Nf6 5. O-O c5 6. c4 Be7 7. Nc3 d6 8. b3 O-O
9. d5 exd5 10. cxd5 Na6 11. e4 Nc7 12. a4 a6 13. Bb2 Rb8 14. Qc2 g6 15. Nd2 Nh5
16. Nc4 Ne8 17. f4 f6 18. Ne3 Bc8 19. g4 Nhg7 20. Rae1 Nc7 21. Qe2 Qd7 22. Rf2
Bd8 23. Ref1 Re8 24. Qf3 b5 25. a5 Bb7 26. h4 Rf8 27. h5 Qf7 28. hxg6 hxg6 29.
Rh2 Re8 30. Rh6 c4 31. bxc4 bxc4 32. Nxc4 Qe7 33. e5 fxe5 34. fxe5 Rf8 35.
Qxf8+ Qxf8 36. Rxf8+ Kxf8 37. Rh8+ Kf7 38. Nxd6+ Ke7 39. Nxb7 Rxb7 40. Ba3+ 1-0

[Event "Prva liga Centralne Srbije"]
[Site "Golubac"]
[Date "2008.09.24"]
[Round "8.5"]
[White "Markovic, Zoran S"]
[Black "Petrov, Marijan"]
[Result "0-1"]
[WhiteElo "2384"]
[BlackElo "2490"]
[PlyCount "96"]
[EventDate "2008.09.20"]

1. e4 g6 2. d4 Bg7 3. Nc3 c6 4. Nf3 d6 5. Be2 b5 6. O-O Nd7 7. h3 a6 8. Be3 Bb7
9. a3 c5 10. dxc5 dxc5 11. e5 Nxe5 12. Nxe5 Bxe5 13. Bxc5 Qc7 14. Be3 Rd8 15.
Qe1 Nf6 16. f4 Bd4 17. Qf2 Bxc3 18. bxc3 Qxc3 19. Bd3 Be4 20. Bd2 Qc7 21. a4
Bxd3 22. cxd3 Qd6 23. axb5 axb5 24. Ba5 Rd7 25. Bb4 Qb8 26. Bc3 O-O 27. Bxf6
exf6 28. Ra6 Rd6 29. Rfa1 Rfd8 30. Rxd6 Qxd6 31. Rd1 Qd5 32. Qb2 Qf5 33. d4
Qxf4 34. d5 Qc4 35. Qd2 Rd6 36. Kh1 Kg7 37. Kh2 b4 38. Rb1 b3 39. Qb2 Rxd5 40.
Qxb3 Qxb3 41. Rxb3 f5 42. Rb7 h5 43. h4 Rd1 44. Kh3 Rd3+ 45. Kh2 f4 46. Rb4 f3
47. g3 Rd2+ 48. Kh3 Rd1 0-1

[Event "Prva liga Centralne Srbije"]
[Site "Golubac"]
[Date "2008.09.24"]
[Round "8.5"]
[White "Trifunovic, Miroljub"]
[Black "Brankovic, Dejan"]
[Result "1-0"]
[WhiteElo "2295"]
[BlackElo "2398"]
[PlyCount "89"]
[EventDate "2008.09.20"]

1. e4 e5 2. Bc4 Nf6 3. d3 c6 4. Bb3 d6 5. Nf3 Be7 6. O-O O-O 7. c3 Nbd7 8. Re1
Re8 9. Ng5 Rf8 10. Nd2 d5 11. Ngf3 Bd6 12. d4 dxe4 13. Nxe4 Nxe4 14. Rxe4 exd4
15. Bg5 Qa5 16. cxd4 Nb6 17. Ne5 Bf5 18. Bd2 Bb4 19. Bxb4 Qxb4 20. Rf4 Be6 21.
Bc2 g6 22. Rh4 Qe7 23. g3 Qg5 24. Nf3 Qf6 25. Rf4 Qe7 26. h4 Nd5 27. Re4 Qf6
28. Ng5 Bf5 29. Re5 Bd7 30. Ne4 Qd8 31. Nc5 b6 32. Nxd7 Qxd7 33. Bb3 Nf6 34.
Qf3 Kg7 35. Rd1 Rfe8 36. Qc3 Kg8 37. Rc1 Rac8 38. Qf3 Kg7 39. Qc3 Kg8 40. Ba4
Ng4 41. Re2 b5 42. Bb3 Qf5 43. Kg2 h5 44. Qf3 Qxf3+ 45. Kxf3 {necitko} 1-0

[Event "Prva liga Centralne Srbije"]
[Site "Golubac"]
[Date "2008.09.24"]
[Round "8.5"]
[White "Panic, Nenad"]
[Black "Ljubisavljevic, Zivojin Z"]
[Result "1-0"]
[WhiteElo "2360"]
[BlackElo "2261"]
[PlyCount "87"]
[EventDate "2008.09.20"]

1. d4 d5 2. Nf3 c6 3. Bf4 Bf5 4. e3 e6 5. Nbd2 Bd6 6. Bxd6 Qxd6 7. Bd3 Bxd3 8.
cxd3 Nd7 9. O-O Ne7 10. Qb3 Rb8 11. Qa4 a6 12. b4 O-O 13. Rfc1 Ng6 14. Qb3 e5
15. a4 f5 16. dxe5 Ndxe5 17. d4 Nxf3+ 18. Nxf3 Rfe8 19. g3 Rf8 20. Rc3 Qe6 21.
Nd2 h5 22. h4 Nxh4 23. gxh4 Qg6+ 24. Kf1 Qg4 25. f4 Qxh4 26. Ke2 Qg4+ 27. Kd3
Rbe8 28. Qd1 Re6 29. Nf3 Rh6 30. Qh1 h4 31. Rg1 Qh5 32. Rc2 Qe8 33. Qg2 Qe4+
34. Kd2 g6 35. Ne5 Qxg2+ 36. Rxg2 Kg7 37. Nf3 Kf6 38. Rh2 h3 39. Ng5 Rg8 40. b5
axb5 41. axb5 Ke7 42. bxc6 bxc6 43. Rxc6 Ra8 44. Rxh3 1-0

[Event "Prva liga Centralne Srbije"]
[Site "Golubac"]
[Date "2008.09.24"]
[Round "8.5"]
[White "Rajkovic, Ljubisa"]
[Black "Organdziev, Oliver"]
[Result "0-1"]
[WhiteElo "2194"]
[BlackElo "2274"]
[PlyCount "72"]
[EventDate "2008.09.20"]

1. c4 e5 2. Nc3 Nc6 3. g3 f5 4. Bg2 Nf6 5. d3 Bb4 6. Bd2 d6 7. Nf3 O-O 8. O-O
Bxc3 9. Bxc3 Qe8 10. b4 Qh5 11. b5 Nd8 12. c5 Nf7 13. cxd6 cxd6 14. Qa4 Bd7 15.
Rab1 a6 16. Qh4 Qxh4 17. Nxh4 axb5 18. Bxb7 Rxa2 19. Rb2 Rxb2 20. Bxb2 g5 21.
Ng2 Rb8 22. Ba6 Rb6 23. Ra1 Ne8 24. Ne3 Nc7 25. Bxb5 Rxb5 26. Ra7 Rxb2 27. Rxc7
Be6 28. Re7 f4 29. Rxe6 fxe3 30. Kf1 exf2 31. Kxf2 g4 32. Ke3 Kg7 33. Kf2 d5
34. Ke3 d4+ 35. Kf2 h5 36. Kf1 Rb5 0-1

[Event "Prva liga Centralne Srbije"]
[Site "Golubac"]
[Date "2008.09.24"]
[Round "8.5"]
[White "Stojanovic, Andjelija"]
[Black "Jakovljevic, Zivota"]
[Result "1/2-1/2"]
[WhiteElo "2359"]
[BlackElo "2124"]
[PlyCount "134"]
[EventDate "2008.09.20"]

1. e4 e6 2. d4 d5 3. Nc3 Nf6 4. e5 Nfd7 5. f4 a6 6. Nf3 c5 7. Be3 Nc6 8. Qd2
cxd4 9. Nxd4 Nxd4 10. Bxd4 Bc5 11. O-O-O Bxd4 12. Qxd4 Qb6 13. Qd2 Nc5 14. f5
g6 15. Qg5 Qd8 16. Qxd8+ Kxd8 17. fxe6 fxe6 18. Nxd5 exd5 19. Rxd5+ Nd7 20. e6
Kc7 21. exd7 Bxd7 22. Rd2 Rae8 23. Bc4 Rhf8 24. Bd5 Re7 25. Bf3 g5 26. Rhd1 Bc8
27. Rd4 Rg8 28. h3 Rf8 29. b3 Rf6 30. Rc4+ Kb8 31. Rd8 Rc7 32. Rcd4 Ka7 33. Be4
h6 34. R8d6 Rcf7 35. Rd8 Bf5 36. Bxf5 Rxf5 37. R8d6 Rf1+ 38. Rd1 R1f6 39. Rxf6
Rxf6 40. c4 Kb6 41. Kc2 Kc5 42. Kc3 Re6 43. b4+ Kc6 44. a4 h5 45. b5+ Kb6 46.
Rd5 Re3+ 47. Rd3 Re2 48. Rd6+ Kc7 49. Rd2 Re3+ 50. Kb4 axb5 51. Kxb5 Rb3+ 52.
Kc5 b6+ 53. Kd4 Ra3 54. Rf2 g4 55. Rf7+ Kc6 56. Rf6+ Kc7 57. hxg4 hxg4 58. Kd5
Rd3+ 59. Ke4 Rc3 60. Kd4 Ra3 61. Rf4 Rg3 62. Kd5 Rd3+ 63. Ke4 Rg3 64. Rf2 Rc3
65. Kd4 Rg3 66. Kd5 Rd3+ 67. Ke4 Rc3 1/2-1/2

[Event "Prva liga Centralne Srbije"]
[Site "Golubac"]
[Date "2008.09.24"]
[Round "8.5"]
[White "Klcesko, Nebojsa"]
[Black "Zivkovic, Momcilo"]
[Result "1-0"]
[WhiteElo "1949"]
[BlackElo "2147"]
[PlyCount "100"]
[EventDate "2008.09.20"]

1. Nf3 d5 2. d4 Nf6 3. c4 c6 4. e3 e6 5. Bd3 Ne4 6. O-O Nd7 7. b3 Bd6 8. Bb2
Qf6 9. Nbd2 Nxd2 10. Qxd2 g5 11. e4 Bf4 12. Qe2 g4 13. Ne1 Rg8 14. g3 dxe4 15.
Bxe4 Bd6 16. d5 Be5 17. Bxe5 Nxe5 18. dxc6 Nxc6 19. Rd1 Bd7 20. f3 gxf3 21.
Nxf3 O-O-O 22. Qe3 h5 23. Kh1 Qg7 24. Nh4 f5 25. Bg2 Qe5 26. Qf3 Rg4 27. Qf2
Rd4 28. Nf3 Rxd1 29. Nxe5 Rxf1+ 30. Qxf1 Nxe5 31. Qe2 Nf7 32. c5 e5 33. Bd5 Nh6
34. h3 e4 35. Qxh5 Ng8 36. Qg5 e3 37. Qxe3 Nf6 38. Bg2 Re8 39. Qd3 Ne4 40. Kg1
Bc6 41. h4 a6 42. a4 Bxa4 43. g4 Bb5 44. Qc2 Bc6 45. gxf5 Rg8 46. Kh2 Re8 47.
f6 Nxf6 48. Bxc6 bxc6 49. Qc4 Nd5 50. Qxa6+ Kd7 1-0

[Event "Prva liga Centralne Srbije"]
[Site "Golubac"]
[Date "2008.09.24"]
[Round "8.6"]
[White "Savicevic, Vlatko"]
[Black "Pavlovic, Dejan S"]
[Result "1/2-1/2"]
[WhiteElo "2334"]
[BlackElo "2385"]
[PlyCount "21"]
[EventDate "2008.09.20"]

1. e4 c5 2. Nc3 Nc6 3. g3 g6 4. Bg2 Bg7 5. d3 d6 6. f4 e5 7. Nf3 Nge7 8. O-O
O-O 9. Be3 Nd4 10. Qd2 Bg4 11. Rf2 1/2-1/2